Discover PCs (Record no. 56181)

MARC details
000 -LEADER
fixed length control field 00538nam a2200193Ia 4500
003 - CONTROL NUMBER IDENTIFIER
control field OSt
005 - DATE AND TIME OF LATEST TRANSACTION
control field 20260105120516.0
008 - FIXED-LENGTH DATA ELEMENTS--GENERAL INFORMATION
fixed length control field 211109s9999||||xx |||||||||||||| ||und||
040 ## - CATALOGING SOURCE
Transcribing agency SBC Library
082 ## - DEWEY DECIMAL CLASSIFICATION NUMBER
Classification number 004.16
Item number MUR-D
100 ## - MAIN ENTRY--PERSONAL NAME
Personal name Murray, Katherine
245 #0 - TITLE STATEMENT
Title Discover PCs
260 ## - PUBLICATION, DISTRIBUTION, ETC.
Name of publisher, distributor, etc. I D G Books
Place of publication, distribution, etc. Unknown Place
Date of publication, distribution, etc. 1997
300 ## - PHYSICAL DESCRIPTION
Extent 278p
630 ## - SUBJECT ADDED ENTRY--UNIFORM TITLE
General subdivision MBA LIBRARY
650 ## - SUBJECT ADDED ENTRY--TOPICAL TERM
Topical term or geographic name entry element Computer science, information & general works
-- Data processing & computer science
942 ## - ADDED ENTRY ELEMENTS (KOHA)
Koha item type BOOK
650 ## - SUBJECT ADDED ENTRY--TOPICAL TERM
Form subdivision Computers
General subdivision Computer science
Holdings
Withdrawn status Lost status Source of classification or shelving scheme Damaged status Not for loan Home library Current library Date acquired Cost, normal purchase price Total Checkouts Full call number Barcode Shelving location Date last seen Price effective from Koha item type
    Dewey Decimal Classification     SB LIBRARY SB LIBRARY 09/11/2021 110.00   004.16 MUR-D 00098958 MBA LIBRARY 09/11/2021 09/11/2021 BOOK

Powered by Koha